000
00272nam a2200097Ia 4500
008
220204s9999 xx 000 0 und d
082
_a
63(058)
_b
USD
245
0
_a
Protecting one food: The yearbook of agriculture. 1966
260
_a
US
_c
Dept of agriculture;1966
942
_c
BK
999
_c
21908
_d
21908